00526 a2200181 450000100060000002000180000604000240002410000190004824000410006724500360010830000060014436200090015044000260015965000310018594200070021695201040022399900170032744955 a9788506051498 cAnchieta - Aquarius aPires, Marcelo10aO menino que queria ser celularlpor10aO menino que queria ser celular a 0 a2007 1aEditora Melhoramentos 4aLiteratura infanto-juvenil cBK 00104070a87.1b87.1d2023-11-21l0o028.5 PIR MENp1403/AQUr2023-11-21 15:10:52w2023-11-21yBK c44955d44955